| Tag |
First Indicator |
Second Indicator |
Subfields |
| LEADER |
00000cam a2200000 a 4500 |
| 001 |
in00000098549 |
| 005 |
20150924085808.0 |
| 008 |
810522s1980 enkaf b 00010 eng d |
| 020 |
|
|
|a 0704906619
|
| 035 |
|
|
|a (OCoLC)07440172
|
| 035 |
|
|
|9 AAK9650AM
|
| 040 |
|
|
|a TOL
|c TOL
|d TXA
|d UtOrBLW
|
| 049 |
|
|
|a TXAM
|c [1197403]
|
| 090 |
|
|
|a QK658
|b M34
|
| 100 |
1 |
|
|a Mannion, Antoinette M.
|
| 245 |
1 |
0 |
|a Pollen analysis :
|b a technique in palaeo-environmental reconstruction /
|c Antoinette M. Mannion.
|
| 264 |
|
1 |
|a Reading, England :
|b Department of Geography, University of Reading,
|c 1980.
|
| 300 |
|
|
|a iv, 62 pages, 1 unnumbered folded leaf of plates :
|b illustrations ;
|c 21 cm.
|
| 336 |
|
|
|a text
|b txt
|2 rdacontent
|
| 337 |
|
|
|a unmediated
|b n
|2 rdamedia
|
| 338 |
|
|
|a volume
|b nc
|2 rdacarrier
|
| 490 |
1 |
|
|a Geographical papers,
|x 0305-5914 ;
|v no. 73
|
| 504 |
|
|
|a Bibliography: pages 50-62.
|
| 650 |
|
0 |
|a Palynology.
|
| 830 |
|
0 |
|a Geographical papers ;
|v no. 73.
|
| 999 |
|
|
|a MARS
|
| 999 |
f |
f |
|s 4fc43b44-4499-3764-a61a-7fd8121080f4
|i 5ab94d9a-577b-3813-b0de-78c0086ce6e8
|t 0
|
| 952 |
f |
f |
|p ric
|a Texas A&M University
|b Rellis Campus
|c Joint Library Facility
|d Remote Storage
|t 0
|e QK658 M34
|h Library of Congress classification
|i unmediated -- volume
|m A14806027227
|
| 998 |
f |
f |
|a QK658 M34
|t 0
|l Remote Storage
|